000 00723nam a2200289Ia 4500
005 20260324125803.0
008 008 260324s9999 xx 000 0 eng d
020 _a9780429249327
037 _aEBOOK
040 _aCRL
040 _beng
040 _cCRL
041 _2eng
041 _aeng
084 _qCRL
100 _aRobert D. Keppel; William J. Birnes
_91179319
245 0 _aSerial Violence
245 0 _bAnalysis of Modus Operandi and Signature Characteristics of Killers
260 _bTaylor and Francis
260 _c2008
365 _a
365 _b220
856 _uhttp://www.taylorfrancis.com/books/9780429249327
942 _cEBOOK
999 _c1774880
_d1774880